Serio ludere : homenaje a Jean-Pierre Étienvre /
Salvato in:
| Altri autori: | , , |
|---|---|
| Natura: | Elettronico eBook |
| Lingua: | spagnolo francese |
| Pubblicazione: |
Madrid, España :
Casa de Velázquez,
2022.
|
| Serie: | Collection de la Casa de Velázquez ;
193. |
| Soggetti: | |
| Accesso online: | Digitalia Hispánica |
| Tags: |
Aggiungi Tag
Nessun Tag, puoi essere il primo ad aggiungerne!!
|
MARC
| LEADER | 00000nam a2200000Ii 4500 | ||
|---|---|---|---|
| 001 | DIGVELQZ0097 | ||
| 003 | NyNyDIG | ||
| 006 | m o d | ||
| 007 | cr ||||||||||| | ||
| 008 | 230603s2022 sp a ob 000 0 spa d | ||
| 035 | |a (OCoLC)1381687770 | ||
| 040 | |a DGITA |b eng |e rda |e pn |c DGITA | ||
| 020 | |a 9788490964057 |q pdf | ||
| 020 | |z 9788490964033 | ||
| 041 | 0 | |a spa |a fre | |
| 043 | |a e-sp--- | ||
| 050 | 1 | 4 | |a PC4026.E85 ebook |
| 245 | 0 | 0 | |a Serio ludere : |b homenaje a Jean-Pierre Étienvre / |c estudios reunidos por Marina Mestre Zaragozá y Philippe Rabaté. |
| 264 | 1 | |a Madrid, España : |b Casa de Velázquez, |c 2022. | |
| 300 | |a 1 online resource : |b color illustrations. | ||
| 336 | |a text |b txt |2 rdacontent | ||
| 337 | |a computer |b c |2 rdamedia | ||
| 338 | |a online resource |b cr |2 rdacarrier | ||
| 347 | |a text file |2 rdaft | ||
| 347 | |b PDF | ||
| 490 | 1 | |a Collection de la Casa de Velázquez, |x 1132-7340 ; |v volume 193 | |
| 504 | |a Includes bibliographical references. | ||
| 546 | |a Text mainly in Spanish with one contribution in French. | ||
| 588 | 0 | |a Online resource; title from PDF title page (Digitalia, viewed June 3, 2023) | |
| 650 | 0 | |a Spanish philology. | |
| 650 | 0 | |a Spanish literature |x History and criticism. | |
| 651 | 0 | |a Spain |x Civilization. | |
| 700 | 1 | |a Mestre-Zaragoza, Marina, |e editor. | |
| 700 | 1 | |a Rabaté, Philippe, |e editor. | |
| 700 | 1 | |a Etienvre, Jean-Pierre, |e honouree. | |
| 791 | 2 | |a Digitalia (Firm), |e distributor. | |
| 793 | 0 | |g Digitalia eBook Collection: |a Casa de Velázquez | |
| 776 | 0 | 8 | |i Print version: |t Serio ludere. |d Madrid, España : |b Casa de Velázquez, 2022 |z 9788490964033 |
| 830 | 0 | |a Collection de la Casa de Velázquez ; |v 193. | |
| 856 | 4 | 0 | |3 Digitalia Hispánica |u https://digitalia.unach.elogim.com/a/124699/ |
| 910 | |a Premium collection: 2023 | ||